000 00307nam a2200133Ia 4500
100 _aGiachino/ J.W./ Weeks/ W.
942 _cBK
654 _aWelding
245 _aWelding skills and practics
260 _bD.B.Taraporevala & Sons
_aBombay
_c1980
082 _a671.52
300 _a342
546 _aENGLISH
999 _c22388
_d22388